00521nam a2200157 450000500170000001000150001702000260003203500140005803700130007208200120008510000230009724500800012026000460020027000930024630000240033920200108132022.0 aENG-127274 a9789382823889c750.00 aEN-110806 bDBAD/PUB a343.087 aKoul,Autar krishen aGuide to WTO and GATT /cby Autar Krishen KoulbEconomics, Law and Politics aNew DelhibSatyam Law Internationalc2018 aSatish Upadhyay, Satyam law International 2/13, Ansari Road DaryaganjbNew Delhie110002 aXXVI,678c24cm(PBK)